000 005010000a22001810004500
003 MACL
005 20160224130348.0
008 160224b xxu||||| |||| 00| 0 eng d
040 _aMACL
_cMACL
041 _aHindi
082 _a800
100 _aरघुबीरसिंह
_939623
245 _aशेष स्‍मृतियॉ
260 _bराजकमल प्रकाशन
_c1951
_aबम्‍बई
350 _a4
650 _aLiteracture
_939932
942 _cHIN
_k800
_2ddc
999 _c23636
_d23636